Page / (Record no. 280014)
[ view plain ]
| 000 -LEADER | |
|---|---|
| fixed length control field | 01881cam a2200493Ma 4500 |
| 001 - CONTROL NUMBER | |
| control field | ocn795366528 |
| 003 - CONTROL NUMBER IDENTIFIER | |
| control field | OCoLC |
| 005 - DATE AND TIME OF LATEST TRANSACTION | |
| control field | 20200320190843.0 |
| 008 - FIXED-LENGTH DATA ELEMENTS--GENERAL INFORMATION | |
| fixed length control field | 030624t20012000nyub c 000 1 eng d |
| 010 ## - LIBRARY OF CONGRESS CONTROL NUMBER | |
| Canceled/invalid LC control number | 99089894 |
| 019 ## - | |
| -- | 731283679 |
| -- | 731403257 |
| -- | 732815719 |
| 020 ## - INTERNATIONAL STANDARD BOOK NUMBER | |
| International Standard Book Number | 9780679889182 (pbk.) |
| 020 ## - INTERNATIONAL STANDARD BOOK NUMBER | |
| International Standard Book Number | 0679889183 (pbk.) |
| 020 ## - INTERNATIONAL STANDARD BOOK NUMBER | |
| International Standard Book Number | 9780756905255 (PFNL) |
| 020 ## - INTERNATIONAL STANDARD BOOK NUMBER | |
| International Standard Book Number | 0756905257 (PFNL) |
| 035 ## - SYSTEM CONTROL NUMBER | |
| System control number | (OCoLC)795366528 |
| Canceled/invalid control number | (OCoLC)731283679 |
| -- | (OCoLC)731403257 |
| -- | (OCoLC)732815719 |
| 040 ## - CATALOGING SOURCE | |
| Original cataloging agency | LMJ |
| Transcribing agency | LMJ |
| Modifying agency | TXBXL |
| -- | OCLCO |
| -- | WACOL |
| 049 ## - LOCAL HOLDINGS (OCLC) | |
| Holding library | WACL |
| 050 #4 - LIBRARY OF CONGRESS CALL NUMBER | |
| Classification number | PZ7.P61464 |
| Item number | Pag 2001b |
| 082 04 - DEWEY DECIMAL CLASSIFICATION NUMBER | |
| Classification number | [Fic] |
| Edition number | 22 |
| 092 ## - LOCALLY ASSIGNED DEWEY CALL NUMBER (OCLC) | |
| Classification number | junior |
| Item number | Pie |
| 100 1# - MAIN ENTRY--PERSONAL NAME | |
| Personal name | Pierce, Tamora. |
| 9 (RLIN) | 18769 |
| 245 10 - TITLE STATEMENT | |
| Title | Page / |
| Statement of responsibility, etc | Tamora Pierce. |
| 260 ## - PUBLICATION, DISTRIBUTION, ETC. (IMPRINT) | |
| Place of publication, distribution, etc | New York : |
| Name of publisher, distributor, etc | Laurel-Leaf, |
| Date of publication, distribution, etc | 2001, c2000. |
| 300 ## - PHYSICAL DESCRIPTION | |
| Extent | 268 p. : |
| Other physical details | map ; |
| Dimensions | 18 cm. |
| 490 1# - SERIES STATEMENT | |
| Series statement | Laurel-leaf books |
| 490 1# - SERIES STATEMENT | |
| Series statement | Protector of the small ; |
| Volume number/sequential designation | 2 |
| 521 0# - TARGET AUDIENCE NOTE | |
| Target audience note | 5.8. |
| 520 ## - SUMMARY, ETC. | |
| Summary, etc | Keladry of Mindelan continues her training to become a squire with the aid of a new maid, the support of her friends, interference from some other pages, and some serious, even dangerous opposition. |
| 521 ## - TARGET AUDIENCE NOTE | |
| Target audience note | junior fiction |
| Source | amazon |
| 650 #0 - SUBJECT ADDED ENTRY--TOPICAL TERM | |
| Topical term or geographic name as entry element | Keladry of Mindelan (Fictitious character) |
| Form subdivision | Juvenile fiction. |
| 9 (RLIN) | 5877297 |
| 650 #0 - SUBJECT ADDED ENTRY--TOPICAL TERM | |
| Topical term or geographic name as entry element | Knights and knighthood |
| Form subdivision | Juvenile fiction. |
| 9 (RLIN) | 5683657 |
| 650 #0 - SUBJECT ADDED ENTRY--TOPICAL TERM | |
| Topical term or geographic name as entry element | Sex role |
| Form subdivision | Juvenile fiction. |
| 9 (RLIN) | 5681238 |
| 650 #0 - SUBJECT ADDED ENTRY--TOPICAL TERM | |
| Topical term or geographic name as entry element | Fantasy |
| Form subdivision | Juvenile fiction. |
| 9 (RLIN) | 5689241 |
| 650 #4 - SUBJECT ADDED ENTRY--TOPICAL TERM | |
| Topical term or geographic name as entry element | Knights and knighthood--Fiction. |
| 9 (RLIN) | 5877298 |
| 650 #4 - SUBJECT ADDED ENTRY--TOPICAL TERM | |
| Topical term or geographic name as entry element | Sex role--Fiction. |
| 9 (RLIN) | 5877299 |
| 655 #4 - INDEX TERM--GENRE/FORM | |
| Genre/form data or focus term | Fantasy fiction. |
| 9 (RLIN) | 5877300 |
| 830 #0 - SERIES ADDED ENTRY--UNIFORM TITLE | |
| Uniform title | Laurel-leaf books. |
| 9 (RLIN) | 22656 |
| 800 1# - SERIES ADDED ENTRY--PERSONAL NAME | |
| Personal name | Pierce, Tamora. |
| Title of a work | Protector of the small ; |
| Volume/sequential designation | 2. |
| 9 (RLIN) | 47475 |
| 942 ## - ADDED ENTRY ELEMENTS (KOHA) | |
| Koha item type | BOOK |
| 948 ## - LOCAL PROCESSING INFORMATION (OCLC); SERIES PART DESIGNATOR (RLIN) | |
| Series part designator, SPT (RLIN) | 02/22/2013 |
| z (OCLC) | Sirsi |
| 994 ## - | |
| -- | 02 |
| -- | WACOL |
| 996 ## - | |
| -- | 95895 |
| -- | 34301001106014 |
| -- | YA |
| -- | bk |
| -- | wcl |
| -- | i |
| -- | 19 |
| -- | 8.50 |
| -- | amazon |
| -- | Pie |
| -- | 02/25/2013 |
| -- | 03/19/2020 |
| -- | 11/04/2019 |
| Withdrawn status | Lost status | Source of classification or shelving scheme | Damaged status | Not for loan | Collection code | Home library | Current library | Shelving location | Date acquired | Source of acquisition | Cost, normal purchase price | Total Checkouts | Total Renewals | Full call number | Barcode | Date last seen | Date checked out | Cost, replacement price | Price effective from | Koha item type |
|---|---|---|---|---|---|---|---|---|---|---|---|---|---|---|---|---|---|---|---|---|
| Dewey Decimal Classification | Young Adult Fiction | Wasatch County Library | Wasatch County Library | Main Floor Teen Area | 02/25/2013 | Amazon | 8.50 | 23 | 5 | YA Pierce | 34301001106014 | 05/16/2024 | 04/26/2024 | 8.50 | 03/20/2020 | BOOK |
